000 01531nam0a22003371 4500
001 rc\3960643
005 20250611040005.0
010 _d1 р. 20 к.
_92000
021 _aRU
_b[55-13821]
035 _a(NLR Aleph) 008049888
090 _a8934860
_c8934860
100 _a20130415d1955 |||y0rusy50 ca
101 0 _arus
102 _aRU
105 _aa z |||||
200 1 _aЗа комплексную механизацию лесозаготовок
_fВ.П. Подоплелов, Г.Т. Мамаев, Ф.В. Шахрай и К.И. Азизов, сотрудники Коми филиала АН СССР
_gпод ред. гл. инженера комбината "Комилес" лауреата Сталинской премии С.Н. Некрасова
210 _aСыктывкар
_cКоми книжное издательство
_d1955
215 _a56 с.
_cил.
_d22
606 _aЛесозаготовки
_xМеханизация
_91054530
_3RU\NLR\AUTH\6689947
686 1 _aП390.04
701 1 _aМамаев
_bГ. Т.
_gГеннадий Тимофеевич
701 1 _aШахрай
_bФ. В.
_gФаина Васильевна
701 1 _aПодоплелов
_bВ. П.
_gВладислав Павлович
701 1 _aАзизов
_bК. И.
_gКамиль Исхакович
702 1 _aНекрасов
_bС. Н.
_gСемен Николаевич
_4340
801 0 _aRU
_bNLR
_gpsbo
801 1 _aRU
_bELAR
_2rusmarc
852 _aNLR
_jС60 Г-6/479
942 _cBOOK
980 _aNB